| 000 | 00760cam a22002654a 4500 | ||
|---|---|---|---|
| 942 | _cBK | ||
| 999 |
_c536 _d536 |
||
| 001 | 13538754 | ||
| 003 | OSt | ||
| 005 | 20250420134814.0 | ||
| 008 | 040326s2005 njua b 001 0 eng | ||
| 010 | _a 2004044650 | ||
| 020 | _a9780131456921 | ||
| 040 |
_aDLC _cKCST |
||
| 042 | _apcc | ||
| 050 | 0 | 0 |
_aTK5105 _b.B48 2005 |
| 082 | 0 | 0 |
_a004.6 _222 _bBe Da |
| 100 | 1 |
_aBeyda, William J. _94859 |
|
| 245 | 1 | 0 |
_aData communications : _bfrom basics to broadband / _cWilliam J. Beyda. |
| 250 | _a4th ed. | ||
| 260 |
_aUpper Saddle River, NJ : _bPearson Education Inc., _cc2005. |
||
| 300 |
_axv, 379 p. : _bill. ; _c23 cm. |
||
| 504 | _aIncludes bibliographical references and index. | ||
| 650 | 0 |
_aData transmission systems. _9861 |
|
| 942 | _2ddc | ||